[Event "Rheinhessen-ch HT2"]
[Site "Mainz"]
[Date "2009.04.04"]
[Round "1"]
[White "Nau, Patrick"]
[Black "Gellert, Helena"]
[Result "1/2-1/2"]
[WhiteElo "1530"]
[BlackElo "1111"]
[PlyCount "70"]
[EventDate "2009.04.04"]
[EventType "swiss"]
[EventRounds "7"]
[EventCountry "GER"]
[SourceTitle "EXT 2011"]
[Source "ChessBase"]
[SourceDate "2010.11.26"]
[SourceVersion "1"]
[SourceVersionDate "2010.11.26"]
[SourceQuality "1"]

1. e4 d5 2. exd5 Qxd5 3. Nc3 Qd6 4. d4 Nf6 5. Nf3 a6 6. Be2 Bg4 7. h3 Bxf3 8. Bxf3 Nc6 9. Be3 e6 10. 0-0 Be7 11. d5 Ne5 12. dxe6 Qxd1 13. exf7+ Nxf7 14. Raxd1 Nd6 15. Rfe1 0-0-0 16. Bc5 Bf8 17. Bxd6 Bxd6 18. Ne4 Be5 19. Nxf6 Bxf6 20. Bg4+ Kb8 21. b3 Bc3 22. Rxd8+ Rxd8 23. Rd1 Rf8 24. Kf1 Re8 25. Bf5 h6 26. f3 Be5 27. Re1 Re7 28. f4 Bd6 29. Rxe7 Bxe7 30. Be6 b6 31. Ke2 c5 32. Kd3 Kc7 33. Ke4 Kd6 34. f5 Bg5 35. g4 a5 1/2-1/2